Evaluación económica de las empresas que se dedican a la fabricación de artículos plásticos en el país /

Evaluación de las políticas de beneficios fiscales para la industria del plástico en El Salvador. Establece el nivel den que se han logrado los objetivos previstos con la concesión de los beneficios fiscales y determina el impacto de estos en la actividad económica. Realiza la evaluación tomando en...

詳細記述

保存先:
書誌詳細
第一著者: Portillo, Pedro
フォーマット: 学位論文
出版事項: San Salvador: Universidad Centroamericana José Simeón Cañas
主題:
タグ: タグ追加
タグなし, このレコードへの初めてのタグを付けませんか!

MARC

LEADER 00000 a a2200000 04500
001 20093
003
040 |a CRAI/IIS  |c CRAI/IIS 
090 |a 08259.00  
100 |a Portillo, Pedro  
245 |a Evaluación económica de las empresas que se dedican a la fabricación de artículos plásticos en el país /  |c Pedro Portillo  
260 |a San Salvador:   |b Universidad Centroamericana José Simeón Cañas  
300 |a 151 p  
502 |a Tesis (Licenciado en Economía) -- Universidad Centroamericana José Simeón Cañas. Facultad de Ciencias Económicas. Escuela de Economía, 1974  
520 |a Evaluación de las políticas de beneficios fiscales para la industria del plástico en El Salvador. Establece el nivel den que se han logrado los objetivos previstos con la concesión de los beneficios fiscales y determina el impacto de estos en la actividad económica. Realiza la evaluación tomando en cuenta las inversiones efectuadas por las 4 empresas evaluadas en el presente estudio, el aporte del Estado al proceso de industrialización (exención de impuestos a las empresas), el valor agregado en el proceso productivo y la tasa anual de rendimiento bruto nacional./ACM  
650 |a EL SALVADOR  
650 |a SECTOR INDUSTRIAL  
650 |a INDUSTRIA DEL PLASTICO  
650 |a POLITICA FISCAL  
650 |a EXTENCIONES TRIBUTARIAS  
999 |c 17975  |d 17975